広島県の市町村(1968年) - Statistics

General Stats
  • This quiz has been taken 18 times
  • The average score is 35 of 108
Answer Stats
コード 市町村 備考 % Correct
34201 広島市 1980年政令指定
100%
34202 呉市
83%
34204 三原市
83%
34205 尾道市
83%
34207 福山市
83%
34209 三次市
83%
34203 竹原市
75%
34206 因島市 2006年消滅
75%
34210 庄原市
75%
34211 大竹市
75%
34304 安芸郡海田町
58%
34309 安芸郡坂町
58%
34302 安芸郡府中町
50%
34307 安芸郡熊野町
50%
34310 安芸郡江田島町 2004年消滅
42%
34321 佐伯郡五日市町 1985年消滅
42%
34322 佐伯郡廿日市町 1988年昇格
42%
34325 佐伯郡佐伯町
42%
34346 安佐郡可部町 1972年消滅
42%
34482 沼隈郡沼隈町 2005年消滅
42%
34501 深安郡神辺町 2006年消滅
42%
34563 甲奴郡甲奴町 2004年消滅
42%
34208 府中市
33%
34303 安芸郡船越町 1975年消滅
33%
34305 安芸郡瀬野川町 1973年消滅
33%
34308 安芸郡矢野町 1975年消滅
33%
34323 佐伯郡大野町 2005年消滅
33%
34326 佐伯郡吉和村 2003年消滅
33%
34327 佐伯郡宮島町 2005年消滅
33%
34345 安佐郡安佐町 1971年消滅
33%
34401 賀茂郡西条町 1974年消滅
33%
34403 賀茂郡八本松町 1974年消滅
33%
34421 豊田郡本郷町 2005年消滅
33%
34422 豊田郡安芸津町 2005年消滅
33%
34424 豊田郡川尻町 2004年消滅
33%
34425 豊田郡豊浜村 1969年昇格
33%
34426 豊田郡豊町 2005年消滅
33%
34428 豊田郡東野町 2003年消滅
33%
34430 豊田郡瀬戸田町 2006年消滅
33%
34441 御調郡御調町 2005年消滅
33%
34461 世羅郡甲山町 2004年消滅
33%
34462 世羅郡世羅町
33%
34463 世羅郡世羅西町 2004年消滅
33%
34541 神石郡油木町 2004年消滅
33%
34561 甲奴郡上下町 2004年消滅
33%
34306 安芸郡熊野跡村 1974年消滅
25%
34311 安芸郡音戸町 2005年消滅
25%
34312 安芸郡倉橋町 2005年消滅
25%
34313 安芸郡下蒲刈町 2003年消滅
25%
34314 安芸郡蒲刈町 2005年消滅
25%
34324 佐伯郡湯来町 2005年消滅
25%
34328 佐伯郡能美町 2004年消滅
25%
34329 佐伯郡沖美町 2004年消滅
25%
34330 佐伯郡大柿町 2004年消滅
25%
34342 安佐郡安古市町 1973年消滅
25%
34343 安佐郡佐東町 1973年消滅
25%
34361 山県郡加計町 2004年消滅
25%
34363 山県郡戸河内町 2004年消滅
25%
34364 山県郡芸北町 2005年消滅
25%
34381 高田郡吉田町 2004年消滅
25%
34383 高田郡美土里町 2004年消滅
25%
34385 高田郡甲田町 2004年消滅
25%
34408 賀茂郡河内町 2005年消滅
25%
34409 賀茂郡高屋町 1974年消滅
25%
34423 豊田郡安浦町 2005年消滅
25%
34427 豊田郡大崎町 2003年消滅
25%
34429 豊田郡木江町 2003年消滅
25%
34443 御調郡向東町 1970年消滅
25%
34444 御調郡向島町 2005年消滅
25%
34502 深安郡加茂町 1975年消滅
25%
34522 芦品郡芦田町 1974年消滅
25%
34523 芦品郡駅家町 1975年消滅
25%
34524 芦品郡新市町 2003年消滅
25%
34542 神石郡神石町 2004年消滅
25%
34544 神石郡三和町 2004年消滅
25%
34562 甲奴郡総領町 2005年消滅
25%
34581 双三郡君田村 2004年消滅
25%
34583 双三郡作木村 2004年消滅
25%
34586 双三郡三和町 2004年消滅
25%
34601 比婆郡西城町 2005年消滅
25%
34602 比婆郡東城町 2005年消滅
25%
34301 安芸郡安芸町 1974年消滅
17%
34341 安佐郡祇園町 1972年消滅
17%
34344 安佐郡沼田町 1971年消滅
17%
34347 安佐郡高陽町 1973年消滅
17%
34362 山県郡筒賀村 2004年消滅
17%
34365 山県郡大朝町 2005年消滅
17%
34366 山県郡千代田町 2005年消滅
17%
34367 山県郡豊平町 2005年消滅
17%
34382 高田郡八千代町 2004年消滅
17%
34384 高田郡高宮町 2004年消滅
17%
34386 高田郡向原町 2004年消滅
17%
34387 高田郡白木町 1973年消滅
17%
34402 賀茂郡黒瀬町 2005年消滅
17%
34404 賀茂郡志和町 1974年消滅
17%
34405 賀茂郡福富町 2005年消滅
17%
34406 賀茂郡豊栄町 2005年消滅
17%
34407 賀茂郡大和町 2005年消滅
17%
34442 御調郡久井町 2005年消滅
17%
34481 沼隈郡内海町 2003年消滅
17%
34543 神石郡豊松村 2004年消滅
17%
34582 双三郡布野村 2004年消滅
17%
34584 双三郡吉舎町 2004年消滅
17%
34585 双三郡三良坂町 2004年消滅
17%
34603 比婆郡口和町 2005年消滅
17%
34604 比婆郡高野町 2005年消滅
17%
34605 比婆郡比和町 2005年消滅
17%
34521 芦品郡協和村 1975年消滅
8%
No matching quizzes found
Score Distribution
Percent of People with Each Score
Percentile by Number Answered
Your Score History
You have not taken this quiz